| 000 | 00000nam##2200000za#4500 |
| 001 | 9.699162 |
| 003 | CaOODSP |
| 005 | 20240527135429 |
| 007 | cr ||||||||||| |
| 008 | 150407|1997||||xxc|||||o f|0| 0 eng|d |
| 040 | |aCaOODSP|beng |
| 043 | |an-cn--- |
| 086 | 1 |aEn154-72/1997E-PDF |
| 110 | 2 |aCanadian Wildlife Service. |
| 245 | 10|aGuide for impact assessment on birds |h[electronic resource] |
| 260 | |aOttawa - Ontario : |bEnvironment Canada. |cMay 1997. |
| 300 | |a53p.|breferences, tables |
| 590 | |a14-21-Supp|b2014-12-11 |
| 690 | 07|aBirds|2gcpds |
| 690 | 07|aEnvironmental impact assessment|2gcpds |
| 775 | 08|tGuide pour l'évaluation des impacts sur les oiseaux |w(CaOODSP)9.643297 |
| 856 | 40|ahttp://publications.gc.ca|qPDF|s212 KB|uhttps://publications.gc.ca/collections/collection_2014/ec/En154-72-1997-eng.pdf |